logo

Bir Sreshtho Munshi Abdur Rouf Library
Jhenaidah Cadet College

The Norton anthology of English literature / (Record no. 9610)

MARC details
000 -LEADER
fixed length control field 00807cam a2200289 4500
001 - CONTROL NUMBER
JCCL Control Number 9610
003 - CONTROL NUMBER IDENTIFIER
JCCL marc code BD-JhCC
005 - DATE AND TIME OF LATEST TRANSACTION
control field 20180321131556.0
008 - FIXED-LENGTH DATA ELEMENTS--GENERAL INFORMATION
fixed length control field 180320s1975 enk b 001 0 eng
020 ## - INTERNATIONAL STANDARD BOOK NUMBER
International Standard Book Number 0393092984
020 ## - INTERNATIONAL STANDARD BOOK NUMBER
International Standard Book Number 0393092992 (pbk.)
035 ## - SYSTEM CONTROL NUMBER
system control number (BD-JhCC)9610
040 ## - CATALOGING SOURCE
Original cataloging agency DLC
Transcribing agency DLC
Modifying agency DLC
-- BD-JhCC
041 ## - LANGUAGE CODE
Language code of Book eng
050 00 - LIBRARY OF CONGRESS CALL NUMBER
Classification number PR1109
Item number .A22 1975
082 00 - DEWEY DECIMAL CLASSIFICATION NUMBER
Classification number 820/.8
Author mark and Year ABR 1975
100 1# - MAIN ENTRY--PERSONAL NAME
Personal name Abrams, M. H.
245 14 - TITLE STATEMENT
Title The Norton anthology of English literature /
Statement of responsibility, etc M. H. Abrams, general editor.
250 ## - EDITION STATEMENT
Edition statement 7th ed.
260 ## - PUBLICATION, DISTRIBUTION, ETC. (IMPRINT)
Place of publication, distribution, etc New York :
Name of publisher, distributor, etc W. W. NORTON & COMPANY,
Date of publication, distribution, etc 1975.
300 ## - PHYSICAL DESCRIPTION
Pagination 2953 p.
Dimensions 25 cm.
504 ## - BIBLIOGRAPHY, ETC. NOTE
Bibliography, etc Bibliography: p. 2619-2641.
650 #0 - SUBJECT ADDED ENTRY--TOPICAL TERM
Topical term or geographic name as entry element English literature.
651 #0 - SUBJECT ADDED ENTRY--GEOGRAPHIC NAME
Geographic name Great Britain
Form subdivision Literary collections.
942 ## - ADDED ENTRY ELEMENTS (KOHA)
Source of classification or shelving scheme Dewey Decimal Classification
Koha item type Books
Holdings
Source of classification or shelving scheme volume number Damaged status Not for loan Home library Current library Shelving location Total Checkouts Full call number Barcode Date last seen Copy number Koha item type Date of accession Method of acquisition Currency
Dewey Decimal Classification V - 2     JCC Rouf Library JCC Rouf Library General Stacks   820/.8 ABR 1975 12674 03/20/2018 C - 1 Books      
Dewey Decimal Classification V - 1     JCC Rouf Library JCC Rouf Library General Stacks   820/.8 ABR 1975 12673 03/20/2018 C - 2 Books      
Dewey Decimal Classification       JCC Rouf Library JCC Rouf Library General Stacks   820/.8 ABR 1962 19316 05/23/2024 C-3 Books   Purchase BDT

JCC Library | Contacts | JCC Home

Last Update on 23 September 2017
Copyright @ 2017-2020 JCC Rouf Library
Rouf Library, Jhenidah Cadet College (JCC), Bangladesh